| 000 | 00948nam a2200241 a 4500 | ||
|---|---|---|---|
| 001 | BRCA_4212 | ||
| 005 | 20190320204603.0 | ||
| 008 | 030610s1982----mx-a######---#000-0#spa-# | ||
| 041 | _aspa | ||
| 044 | _amx | ||
| 050 | 4 |
_aND259.V4 _b.P47 1982 |
|
| 100 | 1 |
_aPérez de Salazar y Solana, Javier _910861 |
|
| 245 | 1 | 0 |
_aJosé María Velasco y sus contemporáneos _buna muestra de la pintura mexicana académica de la segunda mitad del siglo XIX y principios del XX, época de J.M. Velasco _cJavier Pérez de Salazar y Solana. |
| 260 |
_aMéxico _bPERPAL _c1982 |
||
| 300 |
_a167 p. _bil. a color _c29 cm. |
||
| 500 | _aIncluye notas biográficas | ||
| 504 | _aBibliografía: p. 163-167 | ||
| 600 | 1 | 4 |
_aVelasco, José María _d1840-1912 _xCrítica e interpretación _94965 |
| 600 | 1 | 4 |
_aVelasco, José María _d1840-1912 _xInfluencia _910862 |
| 650 | 1 | 4 |
_aPintura de paisajes _910863 |
| 650 | 1 | 4 |
_aPintura mexicana _ySiglo XIX-XX _910864 |
| 942 |
_2lcc _cB |
||
| 999 |
_c3923 _d3923 |
||